Kliknij państwa Azji na mapie według flagi - Statystyki

Ogólne statystyki
  • Ten quiz został rozwiązany 62 razy
  • Średni wynik to 38 z 48
Odpowiedzi na mapie
Odpowiedzi zakodowano w zielono-czerwonej skali na mapie do tego quizu, zgodnie z poniższymi procentami.
 
Statystyki odpowiedzi
Odpowiedź % Poprawnych
95%
93%
93%
91%
91%
91%
89%
89%
89%
86%
86%
84%
84%
84%
82%
82%
82%
82%
82%
80%
80%
80%
80%
80%
77%
77%
75%
75%
75%
75%
75%
75%
73%
73%
73%
73%
73%
70%
70%
68%
68%
68%
68%
66%
66%
66%
61%
57%
Nie znaleziono quizów pasujących do podanych kryteriów
Rozkład punktacji
Procent ludzi z każdym wynikiem
Percentyl według liczby udzielonych odpowiedzi
Twoja historia wyników
Nie rozwiązałeś tego quizu